00644nam a2200169Ia 450000500170000000800410001708200190005810000200007710000140009724500390011126000360015030000120018650001600019894200060035895200950036499900150045920250224041902.0240331s9999 xx 000 0 und d bRAJ21203a920 aRajadurai, S. V aGeetha, V 0aAntonio Gramsci:bLife and Thought aMadrasbSouth Asian Booksc1991 a299 p., aThe life and revolutionary ideas of Antonio Gramsci focusing on his concept of cultural hegemony and his influence on Marxist theory and political thought. cL 001040708LaWERCLbWERCLcSSCd2024-03-31l0o 920 RAJp1203r2024-03-31w2024-03-31yL c4226d4226